Research to support the development of a Green Deal competency framework (Record no. 113374)

MARC details
000 -LEADER
fixed length control field 01355cad a22002415a 4500
001 - CONTROL NUMBER
control field L155181
008 - FIXED-LENGTH DATA ELEMENTS--GENERAL INFORMATION
fixed length control field 120308s2012 xxk f 000 0 eng d
035 ## - SYSTEM CONTROL NUMBER
System control number (Sirsi) u155181
041 0# - LANGUAGE CODE
Language code of text/sound track or separate title eng
110 2# - MAIN ENTRY--CORPORATE NAME
Corporate name or jurisdiction name as entry element Pye Tait Consulting
9 (RLIN) 6027
245 00 - TITLE STATEMENT
Title Research to support the development of a Green Deal competency framework
260 ## - PUBLICATION, DISTRIBUTION, ETC.
Place of publication, distribution, etc. Harrogate
Name of publisher, distributor, etc. Pye Tait Consulting
Date of publication, distribution, etc. 2012
520 ## - SUMMARY, ETC.
Summary, etc. Report warns of the immense challenges ahead to train the built environment workforce and its learning providers for the launch of the Green Deal. Concerns include that the workforce lacked knowledge in areas such as building fabrics and the impact energy efficiency measures have on different types of buildings. However SME's will be able to profit from the scheme partly through winning work through subcontracting for larger firms. The study surveyed more than 400 employers and training providers from the energy assessment, advice and construction sectors in England, Wales and Scotland.
590 ## - LOCAL NOTE (RLIN)
Local note KA NTK
651 #4 - SUBJECT ADDED ENTRY--GEOGRAPHIC NAME
Geographic name United Kingdom
690 ## - LOCAL SUBJECT ADDED ENTRY--TOPICAL TERM (OCLC, RLIN)
Topical term or geographic name as entry element Energy
9 (RLIN) 6237
690 ## - LOCAL SUBJECT ADDED ENTRY--TOPICAL TERM (OCLC, RLIN)
Topical term or geographic name as entry element Sustainability
9 (RLIN) 6271
710 1# - ADDED ENTRY--CORPORATE NAME
Corporate name or jurisdiction name as entry element Construction Skills
9 (RLIN) 5689
710 1# - ADDED ENTRY--CORPORATE NAME
Corporate name or jurisdiction name as entry element Asset Skills
9 (RLIN) 5165
710 1# - ADDED ENTRY--CORPORATE NAME
Corporate name or jurisdiction name as entry element SummitSkills
856 40 - ELECTRONIC LOCATION AND ACCESS
Uniform Resource Identifier <a href="https://www.assetskills.org/GreenSkills/PyeTateReportJan12.aspx">https://www.assetskills.org/GreenSkills/PyeTateReportJan12.aspx</a>
Public note View the report free of charge at www.assetskills.org
942 ## - ADDED ENTRY ELEMENTS (KOHA)
Suppress in OPAC 0
Holdings
Withdrawn status Lost status Source of classification or shelving scheme Damaged status Not for loan Home library Current library Shelving location Date acquired Total Checkouts Full call number Barcode Date last seen Copy number Price effective from Koha item type
    Dewey Decimal Classification     Virtual Virtual Online 08/03/2012   ONLINE PUBLICATION 155181-2001 06/08/2019 1 06/08/2019 Book